[Event "2. Bundesliga West 2019/20"]
[Site "Kufstein; NMS II, Sporthalle Fischergries"]
[Date "2020.03.07"]
[Round "10"]
[Board "5"]
[White "Hoellrigl, Wilfried"]
[Black "Mueller, Philipp"]
[Result "1/2-1/2"]
[WhiteElo "2216"]
[BlackElo "2135"]
[PlyCount "63"]
[EventDate "2019.10.04"]
[EventType "team"]
[EventRounds "11"]
[EventCountry "AUT"]
[WhiteTeam "Jenbach 2"]
[BlackTeam "Royal Salzburg"]

1. e4 e5 2. Nf3 Nc6 3. d4 exd4 4. Nxd4 Bc5 5. Nxc6 Qf6 6. Qd2 Qxc6 7. Bd3 Ne7
8. O-O O-O 9. Nc3 d6 10. Qg5 Qd7 11. e5 d5 12. Be3 Bxe3 13. Qxe3 Re8 14. Rad1
c6 15. f4 d4 16. Qe4 g6 17. Bc4 Nf5 18. e6 fxe6 19. g4 Ne3 20. Rxd4 Nd5 21. f5
exf5 22. Bxd5+ cxd5 23. Qxd5+ Qf7 24. g5 Be6 25. Qd6 Qe7 26. Qf4 Qc5 27. Rf2
Rad8 28. Rb4 Bd7 29. Ne4 fxe4 30. Qf7+ Kh8 31. Qf6+ Kg8 32. Qf7+  1/2-1/2

[Event "2. Bundesliga West 2019/20"]
[Site "Kufstein; NMS II, Sporthalle Fischergries"]
[Date "2020.03.07"]
[Round "10"]
[Board "6"]
[White "Horn, Sarah"]
[Black "Lederwasch, Bernhard"]
[Result "0-1"]
[WhiteElo "1358"]
[BlackElo "2166"]
[PlyCount "40"]
[EventDate "2019.10.04"]
[EventType "team"]
[EventRounds "11"]
[EventCountry "AUT"]
[WhiteTeam "Royal Salzburg"]
[BlackTeam "Jenbach 2"]

1. e4 c5 2. Nf3 d6 3. d4 cxd4 4. Nxd4 Nf6 5. Nc3 a6 6. a3 e6 7. Bc4 Qc7 8. Bb3
Nbd7 9. Be3 Nc5 10. f3 b5 11. Ba2 Bb7 12. O-O Rd8 13. Qe2 d5 14. exd5 Nxd5 15.
Bxd5 Bxd5 16. Nxd5 Rxd5 17. c4 bxc4 18. Qxc4 Bd6 19. g3 Bxg3 20. hxg3 Qxg3+  0-1

[Event "2. Bundesliga West 2019/20"]
[Site "Kufstein; NMS II, Sporthalle Fischergries"]
[Date "2020.03.07"]
[Round "10"]
[Board "1"]
[White "Barp, Alberto"]
[Black "Palac, Mladen"]
[Result "1/2-1/2"]
[WhiteElo "2396"]
[BlackElo "2544"]
[PlyCount "75"]
[EventDate "2019.10.04"]
[EventType "team"]
[EventRounds "11"]
[EventCountry "AUT"]
[WhiteTeam "Kufstein/Woergl"]
[BlackTeam "Schwarzach"]

1. d4 Nf6 2. c4 e6 3. Nf3 b6 4. g3 Ba6 5. b3 Bb4+ 6. Bd2 Be7 7. Bg2 d5 8. O-O
c6 9. Bc3 Nbd7 10. Nbd2 c5 11. Rc1 O-O 12. e4 dxc4 13. Nxc4 Bb7 14. Nfe5 cxd4
15. Bxd4 Nc5 16. f3 b5 17. Ne3 Nfd7 18. Nxd7 Qxd7 19. Re1 Rfd8 20. Bf1 Rac8 21.
Ba1 Qe8 22. Qe2 a6 23. Red1 Nd7 24. Rxc8 Rxc8 25. Bd4 Nb8 26. Qb2 Bf8 27. Rc1
Rxc1 28. Qxc1 Qd8 29. Bc5 Qc8 30. Ba3 Bxa3 31. Qxa3 Qc3 32. Kf2 Qd2+ 33. Be2
Nc6 34. Nf1 Qd4+ 35. Kg2 f5 36. exf5 Qe5 37. Bd1 Qd4 38. Be2  1/2-1/2

[Event "2. Bundesliga West 2019/20"]
[Site "Kufstein; NMS II, Sporthalle Fischergries"]
[Date "2020.03.07"]
[Round "10"]
[Board "2"]
[White "Zelcic, Robert"]
[Black "Seresin, Francesco"]
[Result "1/2-1/2"]
[WhiteElo "2508"]
[BlackElo "2362"]
[PlyCount "117"]
[EventDate "2019.10.04"]
[EventType "team"]
[EventRounds "11"]
[EventCountry "AUT"]
[WhiteTeam "Schwarzach"]
[BlackTeam "Kufstein/Woergl"]

1. e4 e5 2. Nf3 Nc6 3. Bb5 Nf6 4. d4 Nxe4 5. dxe5 d5 6. Nbd2 Bd7 7. Nb3 Nxe5 8.
Bxd7+ Nxd7 9. Qxd5 Ndc5 10. Qc4 Be7 11. Nxc5 Nxc5 12. Be3 Qd6 13. Nd4 Qa6 14.
Qxa6 Nxa6 15. Nf5 Bf6 16. O-O-O O-O 17. g4 Rfe8 18. g5 Be7 19. Nxe7+ Rxe7 20.
c3 b6 21. h4 Rae8 22. h5 Nb8 23. h6 g6 24. Bd4 Nd7 25. Bg7 Nc5 26. b4 Nd7 27.
Rd5 Nf8 28. Rhd1 Rc8 29. Kc2 Re2+ 30. R1d2 Rxd2+ 31. Rxd2 Ne6 32. Bf6 c6 33. a4
Kf8 34. Kb3 Ke8 35. a5 bxa5 36. bxa5 Rb8+ 37. Kc4 Rb5 38. Rd6 Rxa5 39. Rxc6 Kd7
40. Kb4 Ra2 41. Rc4 Rxf2 42. Kb5 Nc7+ 43. Ka4 Nd5 44. Bd4 Rf5 45. Kb3 Nb6 46.
Rb4 Kc6 47. Bxb6 axb6 48. Rc4+ Kd6 49. Rc8 Rxg5 50. Rh8 Ke7 51. Rxh7 Kf6 52.
Rh8 Rh5 53. Kb4 Rh1 54. c4 g5 55. Rb8 Rb1+ 56. Kc3 Kg6 57. Kc2 Rb4 58. Kc3 Rb1
59. Kc2  1/2-1/2

[Event "2. Bundesliga West 2019/20"]
[Site "Kufstein; NMS II, Sporthalle Fischergries"]
[Date "2020.03.07"]
[Round "10"]
[Board "3"]
[White "Bertagnolli, Alexander"]
[Black "Ruecker, Benjamin"]
[Result "1-0"]
[WhiteElo "2346"]
[BlackElo "2238"]
[PlyCount "99"]
[EventDate "2019.10.04"]
[EventType "team"]
[EventRounds "11"]
[EventCountry "AUT"]
[WhiteTeam "Kufstein/Woergl"]
[BlackTeam "Schwarzach"]

1. b3 e5 2. Bb2 Nc6 3. e3 Nf6 4. Bb5 Bd6 5. d4 exd4 6. exd4 O-O 7. Nf3 Re8+ 8.
Be2 Bb4+ 9. c3 Bf8 10. O-O d5 11. Re1 Bg4 12. Nbd2 Bd6 13. Nf1 Bxf3 14. Bxf3
Rxe1 15. Qxe1 Qd7 16. Qd2 Ne7 17. Ne3 c6 18. Qd3 Re8 19. g3 g6 20. c4 Bc7 21.
Kg2 Rd8 22. a4 a6 23. Bc3 Ne8 24. Re1 Ng7 25. Ng4 Ne8 26. Qe3 Kf8 27. Qh6+ Kg8
28. Qg5 Kf8 29. Bb4 Bd6 30. c5 Bc7 31. Bd2 Ng8 32. Ne5 Bxe5 33. Qxe5 Nef6 34.
Bf4 Re8 35. Qd6+ Qxd6 36. Bxd6+ Kg7 37. Be5 Kf8 38. Kf1 Re6 39. b4 Ne8 40. Rb1
Ngf6 41. b5 axb5 42. axb5 Ne4 43. Bxe4 dxe4 44. bxc6 bxc6 45. Rb8 g5 46. g4 f6
47. Bg3 Kf7 48. Rb6 h6 49. Ke2 Kg6 50. d5  1-0

[Event "2. Bundesliga West 2019/20"]
[Site "Kufstein; NMS II, Sporthalle Fischergries"]
[Date "2020.03.07"]
[Round "10"]
[Board "4"]
[White "Hecht, Hans-Joachim"]
[Black "Neuschmied, Siegfried"]
[Result "0-1"]
[WhiteElo "2311"]
[BlackElo "2268"]
[PlyCount "94"]
[EventDate "2019.10.04"]
[EventType "team"]
[EventRounds "11"]
[EventCountry "AUT"]
[WhiteTeam "Schwarzach"]
[BlackTeam "Kufstein/Woergl"]

1. d4 Nf6 2. c4 g6 3. Nc3 Bg7 4. e4 d6 5. Be2 O-O 6. Nf3 e5 7. O-O Nc6 8. d5
Ne7 9. Ne1 Nd7 10. Nd3 f5 11. Bd2 Nf6 12. f3 f4 13. b4 h5 14. c5 g5 15. Nf2 Ng6
16. Rc1 Rf7 17. cxd6 cxd6 18. a4 Bf8 19. a5 Rg7 20. h3 Nh4 21. Nb5 a6 22. Na3
Bd7 23. Nc4 g4 24. fxg4 hxg4 25. hxg4 Nxg2 26. Kxg2 Nxg4 27. Bxg4 Bxg4 28. Nxg4
Qh4 29. Rf2 Rxg4+ 30. Kf1 Qh1+ 31. Ke2 Qxe4+ 32. Kf1 Qd3+ 33. Qe2 Qh3+ 34. Ke1
Be7 35. Kd1 Rc8 36. Rc3 Rg1+ 37. Kc2 Qf5+ 38. Kb3 Kf7 39. Rf1 Rcg8 40. Qf2 Rxf1
41. Qxf1 Rh8 42. Rf3 Rh2 43. Rc3 Qe4 44. Qd3 Qxd3 45. Rxd3 Kf6 46. Nb6 Kf5 47.
Kc4 e4  0-1

[Event "2. Bundesliga West 2019/20"]
[Site "Kufstein; NMS II, Sporthalle Fischergries"]
[Date "2020.03.07"]
[Round "10"]
[Board "5"]
[White "Prediger, Rupert"]
[Black "Ljubic, Juro"]
[Result "1/2-1/2"]
[WhiteElo "2223"]
[BlackElo "2162"]
[PlyCount "58"]
[EventDate "2019.10.04"]
[EventType "team"]
[EventRounds "11"]
[EventCountry "AUT"]
[WhiteTeam "Kufstein/Woergl"]
[BlackTeam "Schwarzach"]

1. e4 c5 2. Nf3 g6 3. d4 cxd4 4. Nxd4 Nc6 5. c4 Nf6 6. Nc3 Nxd4 7. Qxd4 d6 8.
Be2 Bg7 9. O-O O-O 10. Qe3 Be6 11. Bd2 a6 12. b3 Nd7 13. Rac1 Ne5 14. f4 Nc6
15. Kh1 f5 16. Bf3 Qd7 17. Nd5 Bd4 18. Qd3 Rae8 19. Nb4 Bg7 20. Nd5 Nd4 21. Bc3
Nxf3 22. Qxf3 Bxd5 23. exd5 Bxc3 24. Qxc3 e5 25. dxe6 Rxe6 26. Rce1 Rfe8 27.
Rxe6 Qxe6 28. Kg1 b5 29. cxb5 axb5  1/2-1/2

[Event "2. Bundesliga West 2019/20"]
[Site "Kufstein; NMS II, Sporthalle Fischergries"]
[Date "2020.03.07"]
[Round "10"]
[Board "6"]
[White "Stoeckl, Norbert"]
[Black "Maltsev, Oleg"]
[Result "1-0"]
[WhiteElo "2054"]
[BlackElo "1992"]
[PlyCount "83"]
[EventDate "2019.10.04"]
[EventType "team"]
[EventRounds "11"]
[EventCountry "AUT"]
[WhiteTeam "Schwarzach"]
[BlackTeam "Kufstein/Woergl"]

1. e4 c5 2. Nf3 d6 3. d4 cxd4 4. Qxd4 a6 5. c4 Bg4 6. Be2 Nf6 7. Bd2 g6 8. Nc3
Bg7 9. O-O O-O 10. h3 Bxf3 11. Bxf3 Nc6 12. Qe3 Nd7 13. Kh1 Rc8 14. b3 Nd4 15.
Bd1 f5 16. f4 e5 17. fxe5 dxe5 18. Rc1 Nc5 19. b4 f4 20. Qg1 Nd3 21. Rb1 Qh4
22. Ne2 f3 23. Nxd4 fxg2+ 24. Kxg2 exd4 25. Bg4 Rce8 26. Rxf8+ Rxf8 27. Rf1 Re8
28. Kh1 h5 29. Bg5 Qxg5 30. Be6+ Rxe6 31. Qxg5 Kh7 32. Qd5 Re7 33. a3 Nb2 34.
Rf2 Nd3 35. Rf7 Rxf7 36. Qxf7 Nb2 37. Qxb7 d3 38. Qd7 Kh6 39. c5 Bc3 40. c6 Be5
41. c7 Bxc7 42. Qxc7  1-0

[Event "2. Bundesliga West 2019/20"]
[Site "Kufstein; NMS II, Sporthalle Fischergries"]
[Date "2020.03.07"]
[Round "10"]
[Board "1"]
[White "Jedinger, Andreas"]
[Black "Berchtenbreiter, Maximilian"]
[Result "0-1"]
[WhiteElo "2092"]
[BlackElo "2467"]
[PlyCount "72"]
[EventDate "2019.10.04"]
[EventType "team"]
[EventRounds "11"]
[EventCountry "AUT"]
[WhiteTeam "Rochade/Rum"]
[BlackTeam "Hohenems II"]

1. e4 g6 2. d4 c6 3. c4 d5 4. e5 Be6 5. Qb3 Qb6 6. Nf3 dxc4 7. Bxc4 Bxc4 8.
Qxc4 e6 9. O-O Ne7 10. Bg5 Nd7 11. Nbd2 h6 12. Ne4 Nd5 13. Bd2 a5 14. a3 a4 15.
b4 axb3 16. Rfb1 b2 17. Ra2 Qa6 18. Qb3 b5 19. Rbxb2 N7b6 20. Bb4 Nc4 21. Rc2
Qa4 22. Qb1 Bxb4 23. axb4 Na3 24. Qc1 Nxb4 25. Rxc6 Nxc6 26. Qxc6+ Kf8 27. h3
Kg7 28. Qc1 Qc4 29. Qb2 Rhc8 30. Kh2 Qc1 31. Qe2 Rc2 32. Rxc2 Nxc2 33. Qxb5
Qf4+ 34. Ng3 Nxd4 35. Nxd4 Qxd4 36. Qb7 Ra5  0-1

[Event "2. Bundesliga West 2019/20"]
[Site "Kufstein; NMS II, Sporthalle Fischergries"]
[Date "2020.03.07"]
[Round "10"]
[Board "2"]
[White "Kranzl, Julian"]
[Black "Berchtold, Clemens"]
[Result "1-0"]
[WhiteElo "2197"]
[BlackElo "2050"]
[PlyCount "77"]
[EventDate "2019.10.04"]
[EventType "team"]
[EventRounds "11"]
[EventCountry "AUT"]
[WhiteTeam "Hohenems II"]
[BlackTeam "Rochade/Rum"]

1. Nf3 Nf6 2. b3 d5 3. Bb2 Bf5 4. d3 e6 5. Nbd2 h6 6. g3 Nbd7 7. Bg2 Be7 8. O-O
O-O 9. Re1 c6 10. e4 Bh7 11. e5 Ne8 12. Qe2 a5 13. a4 Nc7 14. Nf1 f6 15. exf6
Bxf6 16. Ne5 Nxe5 17. Bxe5 Bxe5 18. Qxe5 Rf5 19. Qe2 Qd6 20. Ne3 Rff8 21. Ng4
Na6 22. Ne5 Rf6 23. f4 Nc7 24. Rf1 Raf8 25. Rf2 Na6 26. Raf1 Nc5 27. Qe1 b6 28.
h4 Qc7 29. Qc3 Qd6 30. Qe1 Qc7 31. Qc3 Qd6 32. Qd4 Qc7 33. g4 g5 34. fxg5 Rxf2
35. Rxf2 Rxf2 36. Kxf2 hxg5 37. hxg5 Qe7 38. Qf4 Qg7 39. Qf6  1-0

[Event "2. Bundesliga West 2019/20"]
[Site "Kufstein; NMS II, Sporthalle Fischergries"]
[Date "2020.03.07"]
[Round "10"]
[Board "3"]
[White "Kranebitter, Gerhard"]
[Black "Hofer, Emilian"]
[Result "1/2-1/2"]
[WhiteElo "2032"]
[BlackElo "2192"]
[PlyCount "51"]
[EventDate "2019.10.04"]
[EventType "team"]
[EventRounds "11"]
[EventCountry "AUT"]
[WhiteTeam "Rochade/Rum"]
[BlackTeam "Hohenems II"]

1. e4 e5 2. Nf3 Nc6 3. d4 exd4 4. Nxd4 Nf6 5. Nxc6 bxc6 6. e5 Qe7 7. Qe2 Nd5 8.
c4 Nb6 9. f4 Qe6 10. Nc3 a5 11. Be3 Ba6 12. Bxb6 cxb6 13. O-O-O Be7 14. g4 f6
15. exf6 Qxe2 16. Bxe2 gxf6 17. h4 O-O-O 18. Bd3 h6 19. b3 Kc7 20. Bf5 Bd6 21.
Rhf1 Ba3+ 22. Kc2 d5 23. Be6 Rhe8 24. f5 Be7 25. Rfe1 d4 26. Ne2  1/2-1/2

[Event "2. Bundesliga West 2019/20"]
[Site "Kufstein; NMS II, Sporthalle Fischergries"]
[Date "2020.03.07"]
[Round "10"]
[Board "4"]
[White "Heinrici, Simon"]
[Black "Muehlbacher, Bernhard"]
[Result "1-0"]
[WhiteElo "2131"]
[BlackElo "2048"]
[PlyCount "73"]
[EventDate "2019.10.04"]
[EventType "team"]
[EventRounds "11"]
[EventCountry "AUT"]
[WhiteTeam "Hohenems II"]
[BlackTeam "Rochade/Rum"]

1. e4 c5 2. Nf3 e6 3. c4 d6 4. Nc3 a6 5. Be2 Nf6 6. O-O Be7 7. d4 cxd4 8. Nxd4
O-O 9. Be3 Qc7 10. Rc1 b6 11. f3 Nbd7 12. Qd2 Bb7 13. b3 Rac8 14. Rfd1 Qb8 15.
Kh1 Rfe8 16. Bf2 Qa8 17. Nc2 Bc6 18. Nd4 Bb7 19. Na4 Qb8 20. Nc2 Bc6 21. Nc3
Qa8 22. Nb4 Bb7 23. Na4 Qb8 24. Bg3 e5 25. Bf2 g6 26. Qe1 Nh5 27. Be3 Nf4 28.
Bf1 Ne6 29. Nd5 Bxd5 30. cxd5 Nc7 31. Rc6 b5 32. Nb6 Nxb6 33. Rxb6 Qa8 34. Rc6
Red8 35. Bb6 Rd7 36. Rdc1 Qb7 37. g3  1-0

[Event "2. Bundesliga West 2019/20"]
[Site "Kufstein; NMS II, Sporthalle Fischergries"]
[Date "2020.03.07"]
[Round "10"]
[Board "5"]
[White "Babinetz, Rainer"]
[Black "Kienboeck, Benjamin"]
[Result "0-1"]
[WhiteElo "1955"]
[BlackElo "1968"]
[PlyCount "114"]
[EventDate "2019.10.04"]
[EventType "team"]
[EventRounds "11"]
[EventCountry "AUT"]
[WhiteTeam "Rochade/Rum"]
[BlackTeam "Hohenems II"]

1. d4 Nf6 2. c4 e6 3. Nc3 Bb4 4. Qc2 d5 5. a3 Be7 6. Bg5 O-O 7. e3 b6 8. Bxf6
Bxf6 9. cxd5 exd5 10. O-O-O Bb7 11. Bd3 g6 12. g4 Nd7 13. h4 c5 14. h5 c4 15.
Be2 Bg7 16. hxg6 fxg6 17. f4 Re8 18. Rh3 Nf8 19. Bf3 Qd6 20. g5 Kh8 21. Qf2 Bc6
22. Nge2 Qe6 23. Bg2 Rad8 24. Rdh1 b5 25. Rg3 Qf7 26. Rgh3 a5 27. Bf3 b4 28.
Nb1 Bd7 29. Rg3 Bf5 30. Bg4 Bxb1 31. Kxb1 bxa3 32. f5 Qb7 33. Nc3 gxf5 34. Bxf5
Rb8 35. Bxh7 Nxh7 36. g6 Qxb2+ 37. Qxb2 axb2 38. Rxh7+ Kg8 39. Rh2 Rb3 40. Nxd5
Bxd4 41. g7 c3 42. Ne7+ Kf7 43. g8=Q+ Rxg8 44. Nxg8 Ra3 45. Rh7+ Kf8 46. Rb7
Ra1+ 47. Kc2 Be5 48. Rg2 Rc1+ 49. Kd3 b1=Q+ 50. Rxb1 Rxb1 51. Nh6 Rb2 52. Rg8+
Ke7 53. Rc8 a4 54. Nf5+ Kd7 55. Rc4 a3 56. Nd4 a2 57. Ra4 Bxd4  0-1

[Event "2. Bundesliga West 2019/20"]
[Site "Kufstein; NMS II, Sporthalle Fischergries"]
[Date "2020.03.07"]
[Round "10"]
[Board "1"]
[White "Shengelia, David"]
[Black "Hoefelsauer, Thomas"]
[Result "1-0"]
[WhiteElo "2531"]
[BlackElo "2365"]
[PlyCount "79"]
[EventDate "2019.10.04"]
[EventType "team"]
[EventRounds "11"]
[EventCountry "AUT"]
[WhiteTeam "Absam"]
[BlackTeam "Wolfurt"]

1. d4 d5 2. Nf3 Nf6 3. c4 c6 4. e3 Bf5 5. Nc3 a6 6. Ne5 Nbd7 7. Qb3 Qc7 8. cxd5
Nxe5 9. dxe5 Nxd5 10. Nxd5 cxd5 11. Bd2 Qxe5 12. Rc1 Qd6 13. Qxb7 Rb8 14. Qxa6
Qxa6 15. Bxa6 Rxb2 16. a4 Bd7 17. a5 e6 18. Bd3 Bb4 19. Bxb4 Rxb4 20. Kd2 Ke7
21. Rb1 Rhb8 22. Kc3 Rxb1 23. Rxb1 Rxb1 24. Bxb1 h6 25. Kb4 Kd6 26. Bd3 Bc6 27.
f3 f5 28. a6 g5 29. a7 h5 30. g3 d4 31. e4 e5 32. exf5 Bxf3 33. Be2 Ba8 34.
Bxh5 d3 35. Kc3 e4 36. f6 Ke6 37. f7 Ke7 38. Kd2 Kf8 39. Ke3 Kg7 40. h4  1-0

[Event "2. Bundesliga West 2019/20"]
[Site "Kufstein; NMS II, Sporthalle Fischergries"]
[Date "2020.03.07"]
[Round "10"]
[Board "2"]
[White "Janko, Ladislav"]
[Black "Lehner, Oliver"]
[Result "0-1"]
[WhiteElo "2184"]
[BlackElo "2412"]
[PlyCount "38"]
[EventDate "2019.10.04"]
[EventType "team"]
[EventRounds "11"]
[EventCountry "AUT"]
[WhiteTeam "Wolfurt"]
[BlackTeam "Absam"]

1. e4 e5 2. Nf3 Nc6 3. Bb5 a6 4. Ba4 Nf6 5. d3 Bc5 6. c3 b5 7. Bc2 d6 8. b4 Bb6
9. a4 Bd7 10. Bg5 Rb8 11. Na3 O-O 12. O-O h6 13. Be3 d5 14. axb5 axb5 15. Qb1
Bg4 16. Bd1 Bxe3 17. fxe3 d4 18. cxd4 exd4 19. Nxd4 Nxd4 {Partie nicht
leserlich}  0-1

[Event "2. Bundesliga West 2019/20"]
[Site "Kufstein; NMS II, Sporthalle Fischergries"]
[Date "2020.03.07"]
[Round "10"]
[Board "3"]
[White "Tica, Sven"]
[Black "Kalcher, Mathias"]
[Result "1-0"]
[WhiteElo "2418"]
[BlackElo "2138"]
[PlyCount "29"]
[EventDate "2019.10.04"]
[EventType "team"]
[EventRounds "11"]
[EventCountry "AUT"]
[WhiteTeam "Absam"]
[BlackTeam "Wolfurt"]

1. d4 Nf6 2. Nf3 g6 3. Nbd2 c5 4. dxc5 Na6 5. e4 Nxc5 6. e5 Nfe4 7. Nxe4 Nxe4
8. Qd4 f5 9. Bd3 Bg7 10. Bxe4 fxe4 11. Qxe4 O-O 12. O-O d5 13. Qh4 Qc7 14. Bh6
Qxc2 15. Ng5  1-0

[Event "2. Bundesliga West 2019/20"]
[Site "Kufstein; NMS II, Sporthalle Fischergries"]
[Date "2020.03.07"]
[Round "10"]
[Board "4"]
[White "Berchtold, Guenter"]
[Black "Deglmann, Ludwig"]
[Result "0-1"]
[WhiteElo "1934"]
[BlackElo "2258"]
[PlyCount "132"]
[EventDate "2019.10.04"]
[EventType "team"]
[EventRounds "11"]
[EventCountry "AUT"]
[WhiteTeam "Wolfurt"]
[BlackTeam "Absam"]

1. d4 c5 2. e3 Nf6 3. Bd3 g6 4. c3 Bg7 5. Nf3 O-O 6. O-O cxd4 7. exd4 b6 8. Bf4
Bb7 9. Re1 d6 10. Qe2 Nc6 11. Nbd2 Qd7 12. Ne4 Nh5 13. Bd2 e5 14. dxe5 dxe5 15.
Ng3 Nxg3 16. hxg3 Rad8 17. Be4 f5 18. Qc4+ Qf7 19. Qxf7+ Rxf7 20. Bxc6 Bxc6 21.
Bg5 Re8 22. Rad1 f4 23. gxf4 h6 24. Bh4 Bxf3 25. gxf3 Rxf4 26. Bg3 Rxf3 27. Re4
g5 28. Rd7 Rf7 29. Rd5 Re6 30. Rd8+ Kh7 31. Kg2 Kg6 32. f3 h5 33. Rd3 Kf5 34.
Re1 Rfe7 35. Re4 Rf6 36. Re1 Rfe6 37. Re4 Rf6 38. Re1 Rfe6 39. Re4 Bf6 40. a4
Rg7 41. Re1 h4 42. Bh2 g4 43. fxg4+ Rxg4+ 44. Kh3 Rxa4 45. Rf3+ Kg6 46. Rg1+
Kf7 47. Rf5 Re4 48. Rf2 Rd6 49. Rgf1 Ke7 50. Ra1 a5 51. Raf1 Rd3+ 52. Kg2 Rg4+
53. Kh1 Rg6 54. Re1 Ke6 55. Rfe2 Rg5 56. Bg1 b5 57. Kh2 Rf5 58. Be3 Bg5 59.
Bxg5 Rxg5 60. Re4 h3 61. R1e2 Rg2+ 62. Rxg2 hxg2 63. Re2 Rg3 64. Rxg2 Rxg2+ 65.
Kxg2 Kd5 66. Kf3 Kc4  0-1

[Event "2. Bundesliga West 2019/20"]
[Site "Kufstein; NMS II, Sporthalle Fischergries"]
[Date "2020.03.07"]
[Round "10"]
[Board "5"]
[White "De Francesco, Klaus"]
[Black "Notegger, Peter"]
[Result "1/2-1/2"]
[WhiteElo "2276"]
[BlackElo "1931"]
[PlyCount "66"]
[EventDate "2019.10.04"]
[EventType "team"]
[EventRounds "11"]
[EventCountry "AUT"]
[WhiteTeam "Absam"]
[BlackTeam "Wolfurt"]

1. d4 d5 2. c4 e6 3. Nf3 Nf6 4. g3 Be7 5. Bg2 c6 6. b3 O-O 7. O-O b6 8. Bb2 Bb7
9. Nc3 Nbd7 10. Qc2 Rc8 11. Rad1 Qc7 12. e4 dxe4 13. Nxe4 Nxe4 14. Qxe4 Nf6 15.
Qe2 Rcd8 16. Rfe1 Rfe8 17. Qc2 h6 18. a3 c5 19. dxc5 Qxc5 20. b4 Qc8 21. Rc1
Qa8 22. Nh4 Rd7 23. Bh3 Ne4 24. Rcd1 Rxd1 25. Rxd1 Bxh4 26. gxh4 Rd8 27. Bg2
Rxd1+ 28. Qxd1 Qf8 29. Qe2 Nd6 30. c5 Bxg2 31. cxd6 Bc6 32. Qg4 Bd7 33. Qd4 f6
 1/2-1/2

[Event "2. Bundesliga West 2019/20"]
[Site "Kufstein; NMS II, Sporthalle Fischergries"]
[Date "2020.03.07"]
[Round "10"]
[Board "6"]
[White "Notegger, Phil"]
[Black "Gerhold, Michael"]
[Result "0-1"]
[WhiteElo "1577"]
[BlackElo "2210"]
[PlyCount "58"]
[EventDate "2019.10.04"]
[EventType "team"]
[EventRounds "11"]
[EventCountry "AUT"]
[WhiteTeam "Wolfurt"]
[BlackTeam "Absam"]

1. e4 c5 2. Nf3 e6 3. d4 cxd4 4. Nxd4 Nf6 5. Bd3 Nc6 6. Nxc6 bxc6 7. O-O d5 8.
exd5 cxd5 9. Nc3 Bd6 10. Re1 h6 11. Bb5+ Bd7 12. Bxd7+ Qxd7 13. Qf3 Rb8 14. a3
Be7 15. Qg3 Rc8 16. Qxg7 Rg8 17. Qxh6 d4 18. Ne4 Nxe4 19. Rxe4 Qd5 20. f3 Rxc2
21. g3 d3 22. b4 d2 23. Bxd2 Rxd2 24. Qe3 Rh8 25. h4 Rg8 26. Qe1 Bd6 27. g4 Ke7
28. Rc1 Qa2 29. Kf1 Rh2  0-1

[Event "2. Bundesliga West 2019/20"]
[Site "Kufstein; NMS II, Sporthalle Fischergries"]
[Date "2020.03.07"]
[Round "10"]
[Board "1"]
[White "Srienz, Christian"]
[Black "Frank, Emanuel"]
[Result "1/2-1/2"]
[WhiteElo "2177"]
[BlackElo "2295"]
[PlyCount "69"]
[EventDate "2019.10.04"]
[EventType "team"]
[EventRounds "11"]
[EventCountry "AUT"]
[WhiteTeam "SK Hoerbranz"]
[BlackTeam "ASK Salzburg"]

1. c4 e6 2. Nc3 d5 3. d4 c6 4. e4 Bb4 5. Bd2 dxc4 6. Bxc4 Qxd4 7. Qe2 Nf6 8.
Nf3 Qd8 9. Rd1 Nbd7 10. a3 Be7 11. O-O O-O 12. Rfe1 Re8 13. Ba2 b6 14. Bc1 a5
15. Ng5 Qc7 16. e5 Nd5 17. Nxf7 Kxf7 18. Qh5+ Kf8 19. Qxh7 Nxe5 20. Qh8+ Kf7
21. Qh5+ Ng6 22. Bb1 Nf6 23. Bxg6+ Kg8 24. Bf7+ Kf8 25. Qg6 Rd8 26. Bxe6 Bxe6
27. Rxe6 Rxd1+ 28. Nxd1 Rd8 29. Re1 Qe5 30. Be3 Nd5 31. Qxc6 Nxe3 32. Qf3+ Bf6
33. Nxe3 Qxb2 34. Ng4 Qc3 35. Qxc3  1/2-1/2

[Event "2. Bundesliga West 2019/20"]
[Site "Kufstein; NMS II, Sporthalle Fischergries"]
[Date "2020.03.07"]
[Round "10"]
[Board "2"]
[White "Burschowsky, Matthias"]
[Black "Schmidlechner, Alexander"]
[Result "0-1"]
[WhiteElo "2249"]
[BlackElo "2152"]
[PlyCount "56"]
[EventDate "2019.10.04"]
[EventType "team"]
[EventRounds "11"]
[EventCountry "AUT"]
[WhiteTeam "ASK Salzburg"]
[BlackTeam "SK Hoerbranz"]

1. c4 e6 2. g3 d5 3. Bg2 Nf6 4. Nf3 Be7 5. O-O O-O 6. b3 c6 7. d4 b6 8. Nc3 Ba6
9. Nd2 Nbd7 10. Re1 Rc8 11. Bb2 Bb7 12. e4 h6 13. a3 Ba8 14. Qe2 Re8 15. Rad1
Qc7 16. Qd3 Rcd8 17. e5 Nh7 18. f4 Nhf8 19. Kh1 Bb7 20. Qf3 c5 21. dxc5 Nxc5
22. cxd5 Bxd5 23. Nxd5 Rxd5 24. Nc4 Red8 25. Rxd5 Rxd5 26. Qe2 Rd8 27. Qc2 Nd3
28. Rb1 b5  0-1

[Event "2. Bundesliga West 2019/20"]
[Site "Kufstein; NMS II, Sporthalle Fischergries"]
[Date "2020.03.07"]
[Round "10"]
[Board "3"]
[White "Engelhart, Achim"]
[Black "Juergens, Klaus"]
[Result "1/2-1/2"]
[WhiteElo "2055"]
[BlackElo "2121"]
[PlyCount "96"]
[EventDate "2019.10.04"]
[EventType "team"]
[EventRounds "11"]
[EventCountry "AUT"]
[WhiteTeam "SK Hoerbranz"]
[BlackTeam "ASK Salzburg"]

1. e4 c5 2. c3 Nf6 3. e5 Nd5 4. Nf3 Nc6 5. Bc4 Nb6 6. Bb3 c4 7. Bc2 d5 8. exd6
e5 9. d4 cxd3 10. Qxd3 Qxd6 11. O-O Bg4 12. Re1 Qxd3 13. Bxd3 O-O-O 14. Bb5 f6
15. Nbd2 a6 16. Bf1 Nd5 17. g3 Bc5 18. Bg2 Rhe8 19. a3 f5 20. c4 e4 21. cxd5
exf3 22. Rxe8 Rxe8 23. Nxf3 Nd4 24. Be3 Bxf3 25. Bxd4 Bxd4 26. Bxf3 Bxb2 27.
Ra2 Re1+ 28. Kg2 Bd4 29. a4 Ra1 30. Rxa1 Bxa1 31. g4 fxg4 32. Bxg4+ Kc7 33. Kf3
Bd4 34. Ke4 Bxf2 35. Ke5 Bc5 36. Ke6 Bd6 37. h3 b5 38. axb5 axb5 39. Bf5 h6 40.
Bg6 b4 41. h4 b3 42. h5 b2 43. Bb1 Bf4 44. Bg6 Bd2 45. Ke7 Bb4+ 46. Ke6 Bc3 47.
Ke7 Bf6+ 48. Ke6 Kd8  1/2-1/2

[Event "2. Bundesliga West 2019/20"]
[Site "Kufstein; NMS II, Sporthalle Fischergries"]
[Date "2020.03.07"]
[Round "10"]
[Board "4"]
[White "Scheiblmaier, Robert"]
[Black "Mittelberger, Peter"]
[Result "0-1"]
[WhiteElo "2177"]
[BlackElo "2174"]
[PlyCount "74"]
[EventDate "2019.10.04"]
[EventType "team"]
[EventRounds "11"]
[EventCountry "AUT"]
[WhiteTeam "ASK Salzburg"]
[BlackTeam "SK Hoerbranz"]

1. d4 g6 2. c4 Bg7 3. e4 d6 4. Nc3 Nd7 5. Be3 e5 6. d5 a5 7. g3 Nc5 8. Bh3 Bxh3
9. Nxh3 Qd7 10. Bxc5 dxc5 11. Qa4 Qxa4 12. Nxa4 b6 13. O-O-O Bf8 14. d6 O-O-O
15. dxc7 Rxd1+ 16. Rxd1 Kxc7 17. Nc3 Nf6 18. Nd5+ Nxd5 19. Rxd5 f6 20. a4 h5
21. Ng1 h4 22. g4 h3 23. Ne2 Rh4 24. f3 f5 25. gxf5 gxf5 26. Nc3 Bh6+ 27. Kb1
fxe4 28. fxe4 Bf4 29. Nb5+ Kc8 30. Na7+ Kc7 31. Nb5+ Kb8 32. Rd8+ Kb7 33. Rd7+
Kc8 34. Rd1 Bxh2 35. Rh1 Bf4 36. Nd6+ Kd7 37. Nf5 Rh8  0-1